01305nam a2200253 a 4500001001000000005001700010008004100027041000800068044000700076084002000083100004500103245009500148250000600243260005200249300004200301500021100343500017600554500008400730650005200814650005600866650003400922650004500956740005001001BRCA_237820190320203800.0071108s1611----be-#---###---#000-0#spa-u aspa abe a019b.V45c16111 aCervantes Saavedra, Miguel ded1547-161610aEl Ingenioso Hidalgo Don Quixote de la Manchaccompuesto por Miguel de Cervantes Saavedra. a2 aBruselasbRoger Velpius : Huberto Antonioc1611 a1 v. (en varias paginaciones)c18 cm. aContenido : Dedicatoria del autor al Duque de Béjar. Prólogo del autor. Versos preliminares con excepción del soneto de Solisdán. Texto. Privilegio de los príncipes Alberto e Isabel Clara Eugenia aSegunda edición de Bruselas. El texto es copia exacta de la edición anterior de Bruselas, de 1607. Ejemplar bien conservado, encuadernado en pergamino Lúdovik Osterc aEstado físico : La primera guarda está rota en su ángulo inferior derecho14aNovela españolayÉpoca clásica, 1500-170014aLiteratura españolayÉpoca clásica, 1500-170014aNovela españolaySiglo XVII14aDon Quijote (Personaje ficticio)eNovela0 aEl Ingenioso Hidalgo Don Quijote de la Mancha